The warrior state : (Record no. 16177)

000 -LEADER
fixed length control field 03003nam a2200301 a 4500
001 - CONTROL NUMBER
control field ASIN0190231440
005 - DATE AND TIME OF LATEST TRANSACTION
control field 20170105102934.0
008 - FIXED-LENGTH DATA ELEMENTS--GENERAL INFORMATION
fixed length control field 150819s2015 xxu eng d
020 ## - INTERNATIONAL STANDARD BOOK NUMBER
International Standard Book Number 0190231440 (paperback)
Terms of availability $18.95
020 ## - INTERNATIONAL STANDARD BOOK NUMBER
International Standard Book Number 9780190231446 (paperback)
040 ## - CATALOGING SOURCE
Original cataloging agency 0
050 04 - LIBRARY OF CONGRESS CALL NUMBER
Classification number DS383.5.A2
082 04 - DEWEY DECIMAL CLASSIFICATION NUMBER
Classification number 954.9105
100 1# - MAIN ENTRY--PERSONAL NAME
Personal name Paul, T.V.
245 14 - TITLE STATEMENT
Title The warrior state :
Remainder of title pakistan in the contemporary world /
Statement of responsibility, etc. T.V. Paul.
250 ## - EDITION STATEMENT
Edition statement Reprint ed.
260 ## - PUBLICATION, DISTRIBUTION, ETC.
Place of publication, distribution, etc. [S.l.] :
Name of publisher, distributor, etc. Oxford University Press,
Date of publication, distribution, etc. 2015.
300 ## - PHYSICAL DESCRIPTION
Extent 272 p. ;
Dimensions 24 cm.
520 ## - SUMMARY, ETC.
Summary, etc. Seemingly from its birth, Pakistan has teetered on the brink of becoming a failed state. Today, it ranks 133rd out of 148 countries in global competitiveness. Its economy is as dysfunctional as its political system is corrupt; both rely heavily on international aid for their existence. Taliban forces occupy 30 percent of the country. It possesses over a hundred nuclear weapons that could easily fall into terrorists' hands. Why, in an era when countries across the developing world are experiencing impressive economic growth and building democratic institutions, has Pakistan been such a conspicuous failure? In The Warrior State , noted international relations and South Asia scholar T.V. Paul untangles this fascinating riddle. Paul argues that the "geostrategic curse"--akin to the "resource curse" that plagues oil-rich autocracies--is at the root of Pakistan's unique inability to progress. Since its founding in 1947, Pakistan has been at the center of major geopolitical struggles: the US-Soviet rivalry, the conflict with India, and most recently the post 9/11 wars. No matter how ineffective the regime is, massive foreign aid keeps pouring in from major powers and their allies with a stake in the region. The reliability of such aid defuses any pressure on political elites to launch the far-reaching domestic reforms necessary to promote sustained growth, higher standards of living, and more stable democratic institutions. Paul shows that excessive war-making efforts have drained Pakistan's limited economic resources without making the country safer or more stable. Indeed, despite the regime's emphasis on security, the country continues to be beset by widespread violence and terrorism. In an age of transnational terrorism and nuclear proliferation, understanding Pakistan's development, particularly the negative effects of foreign aid and geopolitical centrality, is more important than ever. Painstakingly researched and brilliantly argued, The Warrior State tackles what may be the world's most dangerous powder keg and uncovers the true causes of Pakistan's enormously consequential failure.
650 #0 - SUBJECT ADDED ENTRY--TOPICAL TERM
Topical term or geographic name entry element Economic development
650 #0 - SUBJECT ADDED ENTRY--TOPICAL TERM
Topical term or geographic name entry element Geopolitics
650 #0 - SUBJECT ADDED ENTRY--TOPICAL TERM
Topical term or geographic name entry element National security
650 #0 - SUBJECT ADDED ENTRY--TOPICAL TERM
Topical term or geographic name entry element Pakistan
650 #0 - SUBJECT ADDED ENTRY--TOPICAL TERM
Topical term or geographic name entry element Political science
650 #0 - SUBJECT ADDED ENTRY--TOPICAL TERM
Topical term or geographic name entry element War--Economic aspects
856 40 - ELECTRONIC LOCATION AND ACCESS
Materials specified Amazon.com
Uniform Resource Identifier <a href="http://www.amazon.com/exec/obidos/ASIN/0190231440/chopaconline-20">http://www.amazon.com/exec/obidos/ASIN/0190231440/chopaconline-20</a>
942 ## - ADDED ENTRY ELEMENTS (KOHA)
Source of classification or shelving scheme
Koha item type Book
Holdings
Withdrawn status Lost status Damaged status Not for loan Collection code Permanent Location Current Location Shelving location Date acquired Total Checkouts Full call number Barcode Date last seen Price effective from Koha item type
          Centre for International Peace & Stability (CIPS) Centre for International Peace & Stability (CIPS) General Stacks 08/19/2015   954.9105 PAU 2014 CIPS0002638 08/19/2015 08/19/2015 Book
© 2023 Central Library, National University of Sciences and Technology. All Rights Reserved.